000 01487nam a2200361 i 4500
003 DO-SdBNP
005 20260305074000.0
007 ta
008 090710s 2008 dr c r 00110 aspadd
020 _a9789945140279
040 _aDO-SdBNP
_bspa
_cBNPHU
_erda
041 _aspa
082 4 _a972.93053
_bG984tr
_222
100 1 _aGutiérrez Félix, Euclides,
_d1936-
_95673
_eautor
_4aut.
245 1 0 _aTrujillo :
_bmonarca sin corona /
_cEuclides Gutiérrez Félix ; edición, Cándido Gerón ; índice onomástico, Andrés Blanco Díaz.
250 _aTercera edición
264 4 _aSanto Domingo :
_bEditora Corripio,
_c©2008.
300 _a611 páginas :
_bilustraciones, retratos ;
_c25 cm.
336 _atexto
_btxt
_2rdacontent
337 _asin mediación
_bn
_2rdamedia
338 _avolumen
_bnc
_2rdacarrier
500 _aIncluye referencias bibliográficas y notas al pie de las páginas
500 _aIncluye índice onomástico
504 _aBibliografía : páginas 589-596
590 _aInventariado, 2019/MFF
600 1 4 _aTrujillo Molina, Rafael Leónidas,
_d 1891-1961
_976764
651 4 _aRepública Dominicana
_xHistoria
_yEra de Trujillo, 1930-1961
_xFuentes
_92416
651 4 _aRepública Dominicana
_xPolítica y gobierno
_yEra de Trujillo, 1930-1961
700 1 _aGerón, Candido,
_d1948-
_eeditor
_4ed.
_93577
700 1 _aBlanco Díaz, Andrés,
_9172
_eíndice onomástico
_4ind.
910 _aBtavárez/Validado. Control de calidad MFF
942 _2ddc
_cLBS1
999 _c59979
_d59979